Statistics for European Capital Cities with Greek or Roman Etymology

Click here to take the quiz!

General Stats

  • This quiz has been taken 400 times
  • The average score is 5 of 11

Answer Stats

Greek OriginCityLatin Origin% Correct
Goddess of WisdomAthensN/A
96%
N/ALondonLondinium
91%
Bravery, CourageRomeRomulus
89%
N/AMadridManzanares River
55%
City of UlyssesLisbonLissa/Lucio River
54%
WisdomSofiaN/A
54%
Name of a town (Scupi)SkopjeName of a town (Scupi)
32%
Single HouseMonacoN/A
27%
Dairy/Theranda (Castle)TiranaTheranda (Castle)
25%
N/AMinskMenus River
7%
N/AVaduzValley or Water
7%

Score Distribution

Percentile by Number Answered

Percent of People with Each Score

Your Score History

You have not taken this quiz